Catalog

Record Details

Catalog Search



Available copies

  • 1 of 1 copy available at LARL/NWRL Consortium.
  • 1 of 1 copy available at Lake Agassiz Regional Library. (Show preferred library)

Current holds

0 current holds with 1 total copy.

Show Only Available Copies
Location Call Number / Copy Notes Barcode Shelving Location Status Due Date
Moorhead Public Library HOR (Text) 33500012590584 Main Available -

Record details

  • ISBN: 9780451488756
  • ISBN: 045148875X
  • Physical Description: 358 pages ; 24 cm
  • Edition: First edition.
  • Publisher: New York : Berkley, 2017.

Content descriptions

Summary, etc.:
"A warm, wry, sharply observed debut novel about ... Read More
Subject: Interpersonal relations > Fiction.
Family secrets > Fiction.
Families > Fiction.
FICTION / Family Life.
FICTION / Contemporary Women.
FICTION / Humorous.
Families.
Family secrets.
Interpersonal relations.
Interpersonal relations > Fiction.
FICTION / Humorous.
FAMILY SECRETS > Fiction.
FAMILIES > Fiction.
Genre: Domestic fiction.
Humorous fiction.
Domestic fiction.
Fiction.
Humorous fiction.
Domestic fiction.
Humorous fiction.
LDR 03704cam a22006258i 4500
001266151
003LARL_NWRL_CONSORTIUM
00520171019134412.0
008170623s2017 nyu 000 1 eng
010 . ‡a 2017022801
040 . ‡aDLC ‡beng ‡erda ‡cDLC ‡dYDX ‡dBTCTA ‡dBDX ‡dOCLCO ‡dOCLCF ‡dVTL ‡dIK2 ‡dMJ8 ‡dTXLBH
019 . ‡a970620832 ‡a970776295 ‡a971041041 ‡a971091712 ‡a971228021 ‡a971338749
020 . ‡a9780451488756 ‡q(hardcover)
020 . ‡a045148875X ‡q(hardcover)
035 . ‡a(OCoLC)970383839 ‡z(OCoLC)970620832 ‡z(OCoLC)970776295 ‡z(OCoLC)971041041 ‡z(OCoLC)971091712 ‡z(OCoLC)971228021 ‡z(OCoLC)971338749
042 . ‡apcc
08200. ‡a823/.92 ‡223
084 . ‡aFIC045000 ‡aFIC044000 ‡aFIC016000 ‡2bisacsh
1001 . ‡aHornak, Francesca, ‡eauthor. ‡0(LARL_NWRL_CONSORTIUM)225109
24510. ‡aSeven days of us / ‡cFrancesca Hornak.
250 . ‡aFirst edition.
264 1. ‡aNew York : ‡bBerkley, ‡c2017.
300 . ‡a358 pages ; ‡c24 cm
336 . ‡atext ‡btxt ‡2rdacontent
337 . ‡aunmediated ‡bn ‡2rdamedia
338 . ‡avolume ‡bnc ‡2rdacarrier
520 . ‡a"A warm, wry, sharply observed debut novel about what happens when a family is forced to spend a week together in quarantine over the holidays... It's Christmas, and for the first time in years the entire Birch family will be under one roof. Even Emma and Andrew's elder daughter--who is usually off saving the world--will be joining them at Weyfield Hall, their aging country estate. But Olivia, a doctor, is only coming home because she has to. Having just returned from treating an epidemic abroad, she's been told she must stay in quarantine for a week...and so too should her family. For the next seven days, the Birches are locked down, cut off from the rest of humanity--and even decent Wi-FI--and forced into each other's orbits. Younger, unabashedly frivolous daughter Phoebe is fixated on her upcoming wedding, while Olivia deals with the culture shock of being immersed in first-world problems. As Andrew sequesters himself in his study writing scathing restaurant reviews and remembering his glory days as a war correspondent, Emma hides a secret that will turn the whole family upside down. In close proximity, not much can stay hidden for long, and as revelations and long-held tensions come to light, nothing is more shocking than the unexpected guest who's about to arrive..."-- ‡cProvided by publisher.
650 0. ‡aInterpersonal relations ‡vFiction. ‡0(LARL_NWRL_CONSORTIUM)165331
650 0. ‡aFamily secrets ‡vFiction. ‡0(LARL_NWRL_CONSORTIUM)164948
650 0. ‡aFamilies ‡vFiction. ‡0(LARL_NWRL_CONSORTIUM)164942
650 7. ‡aFICTION / Family Life. ‡2bisacsh
650 7. ‡aFICTION / Contemporary Women. ‡2bisacsh
650 7. ‡aFICTION / Humorous. ‡2bisacsh
650 7. ‡aFamilies. ‡2fast ‡0(LARL_NWRL_CONSORTIUM)19934
650 7. ‡aFamily secrets. ‡2fast ‡0(LARL_NWRL_CONSORTIUM)162327
650 7. ‡aInterpersonal relations. ‡2fast ‡0(LARL_NWRL_CONSORTIUM)23325
650 4. ‡aInterpersonal relations ‡xFiction.
650 4. ‡aFICTION / Humorous.
650 4. ‡aFAMILY SECRETS ‡vFiction. ‡0(LARL_NWRL_CONSORTIUM)164948
650 4. ‡aFAMILIES ‡vFiction. ‡0(LARL_NWRL_CONSORTIUM)164942
655 7. ‡aDomestic fiction. ‡2lcgft
655 7. ‡aHumorous fiction. ‡2lcgft
655 7. ‡aDomestic fiction. ‡2fast
655 7. ‡aFiction. ‡2fast
655 7. ‡aHumorous fiction. ‡2gsafd
655 4. ‡aDomestic fiction.
655 4. ‡aHumorous fiction.
77608. ‡iOnline version: ‡aHornak, Francesca, author. ‡tSeven days of us ‡bFirst edition. ‡dNew York : Berkley, 2017 ‡z9780451488770 ‡w(DLC) 2017030911
901 . ‡a266151 ‡bOCoLC ‡c266151 ‡tbiblio ‡soclc

Additional Resources